| 000 | 00450cam a2200181ua 4500 | ||
|---|---|---|---|
| 020 |
_a81 7029 499 1 _c75.00 |
||
| 041 |
_aeng _h |
||
| 082 |
_a005.133 _bMCB/PR |
||
| 100 | _aMcBride, P K . | ||
| 245 |
_aProgramming in visual basic / _cP K McBride. _hTextual Documents |
||
| 250 |
_a1 / _b. |
||
| 260 |
_aNew Delhi : _bBPB Publications , _c1995. |
||
| 300 | _a ; . | ||
| 365 | _a75.00 | ||
| 504 | _a | ||
| 942 | _cBK | ||
| 999 |
_c2580 _d2580 |
||